Foundations of financial management (Record no. 68242)

MARC details
000 -LEADER
fixed length control field 00628nam a22001937a 4500
005 - DATE AND TIME OF LATEST TRANSACTION
control field 20230209101341.0
040 ## - CATALOGING SOURCE
Transcribing agency urs
050 ## - LIBRARY OF CONGRESS CALL NUMBER
Classification number HG 4026 B56 2010
100 ## - MAIN ENTRY--PERSONAL NAME
9 (RLIN) 3704
Personal name Block, Stanley B.
Relator term author
245 ## - TITLE STATEMENT
Title Foundations of financial management
Statement of responsibility, etc Stanley B. Block, Geoffrey A. Hirt, Bartley R. Danielsen
260 ## - PUBLICATION, DISTRIBUTION, ETC. (IMPRINT)
Place of publication, distribution, etc Boston
Name of publisher, distributor, etc McGraw-Hill/Irwin
Date of publication, distribution, etc 2010
336 ## - CONTENT TYPE
Source rdacontent
Content type term text
Content type code txt
337 ## - MEDIA TYPE
Source rdamedia
Media type term unmediated
Media type code n
338 ## - CARRIER TYPE
Source rdacarrier
Carrier type term volume
Carrier type code nc
650 #0 - SUBJECT ADDED ENTRY--TOPICAL TERM
9 (RLIN) 3023
Topical term or geographic name as entry element Corporations
Form subdivision Finance
700 ## - ADDED ENTRY--PERSONAL NAME
9 (RLIN) 3705
Personal name Hirt, Geoffrey A.
Relator term author
700 ## - ADDED ENTRY--PERSONAL NAME
9 (RLIN) 3706
Personal name Danielsen, Bartley R.
Relator term author
942 ## - ADDED ENTRY ELEMENTS (KOHA)
Source of classification or shelving scheme Library of Congress Classification
Koha item type Foreign Books
Holdings
Withdrawn status Lost status Source of classification or shelving scheme Damaged status Not for loan Home library Current library Shelving location Date acquired Total Checkouts Full call number Barcode Date last seen Price effective from Koha item type
    Library of Congress Classification     Binangonan College Library Binangonan College Library Foreign Section 02/09/2023   HG 4026 B56 2010 URSBIN-01070 02/09/2023 02/09/2023 Foreign Books

University of Rizal System
Email us at univlibservices@urs.edu.ph

Visit our Website www.urs.edu.ph/library